000 00730nam a2200193 a 4500
008 100329s1998 ||||||||||||||||| || u
020 _a0273627139
050 _aHB 615 Wic
100 _aWickham, Philip A
245 1 0 _aStrategic entrepreneurship: a decision-making approach to new venture creation and management
_cPhilip A. Wickham
260 _aLondon:
_bPitman
_c1998
300 _axvii, 328p.: ill.
350 _a0.00
650 0 _aBUSINESS
650 0 _aNEW BUSINESS ENTERPRISES--MANAGEMENT
650 0 _aDECISION MAKING
650 0 _aENTREPRENEURSHIP
995 _D0.00
_FCBU-MAIN LIBRARY (Kitwe)
_H1
_I0.00
_M1
_ULOST
_WMay 3, 2010
_ZMain Library Open Access Collection
999 _c58488
_d58488